000 00728nam a22002055i 4500
001 98887
003 ES-MaACL
005 20250824074918.0
007 t|
008 950918s1893 sp ||||1| spa d
040 _aCAM
_bspa
_cCAM
100 1 _aEchegaray, José,
_d1832-1916
_946526
245 1 0 _aA la orilla del mar
_b: comedia en tres actos y un epílogo en prosa /
_cpor José Echegaray.
260 _aMadrid :
_bFlorencio Fiscowich,
_c1893 (
_fImpr. de José Rodríguez)
300 _a118 p. ;
_c20 cm.
490 1 _aEl Teatro: colección de obras dramáticas y líricas
830 0 3 _aEl teatro: colección de obras dramática y líricas
_9221753
852 _aES-MaACL
_jB-3100(2)
999 _c98887
_d98887